000 00689cab a2200217 4500
001 WB3229-31
008 090401t1996 xxu||||| |||| 00| 0 eng d
035 _a(Sirsi) u60502
041 _aeng
245 _aUncharted territory
260 _c1996
350 _a0
490 _aRICS Press Release
_v(PR92.comm) 23 July 1996, (2)
520 _aThe RICS has expressed concern over financial performance targets for the Ordnance Survey, which it argues could end mapping of parts of the country where map sales are low.
650 _aMAPPING
650 _aORDNANCE SURVEY
650 _aPERFORMANCE TARGETS
690 _aMAPPING AND MEASUREMENT
942 _n0
948 _c04/03/1997
999 _c37326
_d37326